000 00956cab a22002055a 4500
001 L144842
008 080813e20080808xxk f g 000 0 eng d
035 _a(Sirsi) u144842
041 0 _aeng
100 1 _aPatterson, Lindy
245 0 2 _aA step in the right direction
260 _c2008
490 _aBuilding
_v273(8541) 08 August 2008, 41(1)
520 _aPresents the situation where a bank can step in to ensure a contractor gets paid for a project before it finishes. Shows this as a possibility especially when companies start developments funded by third parties. Describes the procedure, its advantages and disadvantages, and the need for the contractor to examine the terms of the step-in provisions at the outset.
590 _aKA
651 4 _aEngland and Wales
_y1543-
690 _aMANAGEMENT-PROJECT MANAGEMENT-CONTRACT ADMINISTRATION
690 _aPROPERTY-COMMERCIAL PROPERTY-COMMERCIAL PROPERTY FINANCE AND INVESTMENT
942 _n0
999 _c80610
_d80610